Southville International School and Colleges
Your cart is empty.
  • Cart
  • Lists
    Public lists Eva Luna New books Lux_list list_1
    Your lists Log in to create your own lists
  • Log in to your account
  • Your cookies
  • Search history
Southville International School and Colleges
  • Advanced search
  • Recent comments
  • Most popular
  • Libraries

Log in to your account

Log in with GOOGLE


If you do not have an external account, but do have a local account, you can still log in:

  1. Home
  2. MARC view: Saving the earth :
Normal view MARC view ISBD view

Saving the earth : (Record no. 1707)

[ view plain ]
MARC details
000 -LEADER
fixed length control field 00519nam a22001697a 4500
003 - CONTROL NUMBER IDENTIFIER
control field OSt
005 - DATE AND TIME OF LATEST TRANSACTION
control field 20140310181714.0
008 - FIXED-LENGTH DATA ELEMENTS--GENERAL INFORMATION
fixed length control field 121213t xxu||||| |||| 00| 0 eng d
020 ## - INTERNATIONAL STANDARD BOOK NUMBER
International Standard Book Number 9718686134
050 ## - LIBRARY OF CONGRESS CALL NUMBER
Classification number SD 358
Item number .Sa267 1997
082 ## - DEWEY DECIMAL CLASSIFICATION NUMBER
Classification number FIL 363.7
Item number Sa91 1997
245 ## - TITLE STATEMENT
Title Saving the earth :
Statement of responsibility, etc Cecille C.A. Balgos, editor.
Remainder of title the Philippine experience /
260 ## - PUBLICATION, DISTRIBUTION, ETC. (IMPRINT)
Place of publication, distribution, etc Manila :
Name of publisher, distributor, etc Philippine Center for Investigative Journalism,
Date of publication, distribution, etc 1997.
300 ## - PHYSICAL DESCRIPTION
Extent 254 p. :
Other physical details ill. ;
Dimensions 25 cm.
942 ## - ADDED ENTRY ELEMENTS (KOHA)
Source of classification or shelving scheme Library of Congress Classification
Koha item type Books
Holdings
Withdrawn status Lost status Source of classification or shelving scheme Damaged status Home library Current library Shelving location Date acquired Total Checkouts Full call number Barcode Date last seen Copy number Price effective from Koha item type
    Library of Congress Classification   Luxembourg Library Luxembourg Library Filipiniana Section 12/13/2012   SD 358 .Sa267 1997 7621 08/13/2013 1 10/03/2013 Books

Saving the earth :

APA

(1997). Saving the earth. Manila: Philippine Center for Investigative Journalism.

Chicago

1997. Saving the earth. Manila: Philippine Center for Investigative Journalism.

Harvard

(1997). Saving the earth. Manila: Philippine Center for Investigative Journalism.

MLA

Saving the earth. Manila: Philippine Center for Investigative Journalism. 1997.

  • Place hold
  • Print
  • Cite
  • Add to your cart (remove)
  • Save record
    BIBTEX Dublin Core MARCXML MARC (non-Unicode/MARC-8) MARC (Unicode/UTF-8) MARC (Unicode/UTF-8, Standard) MODS (XML) RIS
  • More searches
    Search for this title in:
    Other Libraries (WorldCat) Other Databases (Google Scholar) Online Stores (Bookfinder.com) Open Library (openlibrary.org)

Exporting to Dublin Core...

SOUTHVILLE LIBRARY

Southville International School and Colleges Library

1281 Tropical Ave. Cor. Luxembourg St., BF Homes International, Las Pinas City

Tel. No. 8256374 / 252358 Loc. 117/146

Powered by Koha